Tilastot visalle Pikselöity Aasian kartta

Klikkaa tästä pelataksesi tätä visaa!

Yleistilastot

  • Tätä visaa on pelattu 1 783 kertaa
  • Keskiarvotulos 264 / 283

Vastaukset kartalla

Vastauksille on annettu kartalla punavihreä väri sen mukaan, kuinka moni on saanut sen oikein.
 

Vastaustilastot

Valtio% Oikein
Kiina
99%
Intia
98%
Japani
97%
Mongolia
96%
Indonesia
93%
Iran
93%
Saudi-Arabia
93%
Etelä-Korea
92%
Kazakstan
92%
Pohjois-Korea
92%
Thaimaa
92%
Irak
90%
Jemen
89%
Oman
89%
Pakistan
88%
Turkki
87%
Vietnam
87%
Sri Lanka
86%
Nepal
85%
Afganistan
84%
Filippiinit
82%
Myanmar
82%
Uzbekistan
82%
Laos
81%
Turkmenistan
81%
Syyria
80%
Malesia
77%
Kirgisia
72%
Yhdistyneet arabiemiirikunnat
72%
Georgia
71%
Jordania
71%
Kambodža
71%
Tadžikistan
71%
Azerbaidžan
68%

Tulosjakauma

Persentiili vastausten määrän mukaan

Jokaisen tuloksen saaneiden osuus

Tuloshistoriasi

Et ole pelannut tätä visaa